000 00579nam a2200205Ia 4500
003 OSt
005 20241007110624.0
008 210210b1980 xxu||||| |||| 00| 0 eng d
020 _a0 87692 101 2
040 _cAL
082 _a820.9 MACM
100 _aBROWN (J R).
_9181567
245 _aModern British dramatists: a collection of critical essays.
260 _aNew Delhi.
_bPrentice-Hall of India Private Limited
_c1980
300 _ax,176
650 _aModern British Dramatists, T C V
_9181568
690 _a English Criticism
_9181569
906 _a04
942 _2ddc
_cBK
999 _c90734
_d90734